000 00654nam a22002297a 4500
003 UA-OsUOA
001 30468
007 ta
008 20041110b un ||||| |||| 00| 0 ukr d
090 _a902(477)
_bА87
942 _cBK
040 _aUA-OsUOA
_brus
_cUA-OsUOA
_dUA-OsUOA
245 _aАрхеологические исследования на Украине в 1967 г.
_bИнформационные сообщения
_cРед. П.П.Толочко
300 _a244 с.
955 _a0
041 _arus
080 _a902(477)
260 _aКиев
_bНаукова думка
_c1968
044 _aRU
650 7 _2UDC
999 _c316880
_d316880